=LDR 00000nam 2200000 4500 =001 INLIS000000000019896 =005 20130612114916 =008 ***********************************Ind** =035 ##$$0010-061300000019896 =041 ##$$a Ind =082 ##$$a 823.83 =090 ##$$a 823.83, Sha g =100 ##$$a Shaun, Rence =245 ##$$a That golden summer, Rence Shann =260 ##$$a 1955 $b London =300 ##$$a 181 hlm, 31 cm =650 ##$$a Fiksi Inggris =850 ##$$a NBPNMAT